000 00300nam a22001337a 4500
008 170207b xxu||||| |||| 00| 0 eng d
020 _a2900838522270
041 _aeng
080 _23ED
_a61
100 _a4
101 _aSHM
245 _aEPIDEMIOLOGY HEALTH CARE
_cBARBARA VALANIS
942 _2udc
_cBK
999 _c4820
_d4820